Doing business with Taiwan

Kaydedildi:
Detaylı Bibliyografya
Müşterek Yazar: China External Trade Development Council
Materyal Türü: Kitap
Dil:Undetermined
Baskı/Yayın Bilgisi: Taipei China External Trade Development Council 1995
Konular:
Etiketler: Etiketle
Etiket eklenmemiş, İlk siz ekleyin!
Thư viện lưu trữ: Trung tâm Học liệu Trường Đại học Cần Thơ
LEADER 00604nam a2200193Ia 4500
001 CTU_91195
008 210402s9999 xx 000 0 und d
082 |a 650.0951 
082 |b C539 
110 |a China External Trade Development Council 
245 0 |a Doing business with Taiwan 
245 0 |c China External Trade Development Council 
260 |a Taipei 
260 |b China External Trade Development Council 
260 |c 1995 
650 |a National characteristics,Business etiquette 
650 |z Chinese,Taiwan 
904 |i Nguyên 
980 |a Trung tâm Học liệu Trường Đại học Cần Thơ